| 000 | 00642nam a2200205Ia 4500 | ||
|---|---|---|---|
| 003 | OSt | ||
| 005 | 20200812164429.0 | ||
| 008 | 191128s2012 ck fr 000 0 spa d | ||
| 040 |
_aCO-JMCR _cCO-JMCR |
||
| 041 | 0 | _aspa | |
| 082 | 0 | 4 |
_a344.02 / _bP944c _223 |
| 100 | 1 |
_aPérez Huertas, Freddy Rolando, _eautor _98680 |
|
| 245 | 1 | 0 |
_aCartilla laboral y pensional con 284 casos / _cFreddy Rolando Pérez Huertas |
| 260 |
_a[Bogotá] : _b[s.n.], _c[2012] |
||
| 300 |
_a188 páginas ; _c20 cm. |
||
| 490 | 0 | _aEl "carrusel" de las pensiones | |
| 650 | 1 | 4 |
_aSeguridad social _xcasos _zColombia _98681 |
| 650 | 1 | 4 |
_aPensiones _98682 |
| 942 |
_2ddc _cBK |
||
| 999 |
_c6339 _d6339 |
||